Grundzüge der Stilistik in den Altägyptischen Pyramidentexten /

محفوظ في:

المؤلف الرئيسي: Firchow, Otto, 1912-

التنسيق: كتاب

اللغة: German

منشور في: Berlin : Akademie-Verlag, 1953.

سلاسل: Untersuchungen zur ägyptischen Stilistik ; 2.

الموضوعات:

الوسوم: إضافة وسم

لا توجد وسوم, كن أول من يضع وسما على هذه التسجيلة!

رقم الطلب: PJ1251 .U5 v.2

LEADER 00599nam a22001937a 4500
003 OSt
005 20251020073014.0
008 251020t1953 gw b 001 0 ger d
040 |c ARCE Library 
050 1 4 |a PJ1251  |b .U5 v.2 
100 1 |a Firchow, Otto,   |d 1912-  
245 1 0 |a Grundzüge der Stilistik in den Altägyptischen Pyramidentexten /   |c Otto Firchow. 
264 1 |a Berlin :   |b Akademie-Verlag,   |c 1953. 
300 |a 256 pages ;   |c 30 cm. 
490 0 |a Untersuchungen zur ägyptischen Stilistik ;   |v 2. 
650 0 |a Egyptian language -- Style. 
901 |a reviewed 
942 |2 lcc  |c BK 
999 |c 49488  |d 49488